Pays aux capitales administratives et économiques différentes - Statistiques

Statistiques générales
  • Ce quiz a été pris 72 fois
  • Le résultat moyen est 28 sur 36
Statistiques - réponses
Pays Réponse % Correct
Allemagne Administrative Berlin
100%
Suisse Administrative Berne
100%
Australie Administrative Canberra
100%
Australie Économique Sydney
100%
États-Unis Administrative Washington
100%
Turquie Administrative Ankara
98%
États-Unis Économique New York
98%
Canada Administrative Ottawa
98%
Israël Administrative Jérusalem
97%
Inde Administrative New-Delhi
97%
Maroc Administrative Rabat
97%
Turquie Économique Istanbul
91%
Afrique du Sud Économique Johannesburg
90%
Inde Économique Mumbai
90%
Canada Économique Toronto
90%
Suisse Économique Zurich
90%
Nouvelle Zélande Administrative Wellington
86%
Israël Économique Tel-Aviv
84%
Maroc Économique Casablanca
83%
Allemagne Économique Francfort
81%
Afrique du Sud Administrative Pretoria
81%
Côte d'Ivoire Économique Abidjan
76%
Vietnam Administrative Hanoï
74%
Côte d'Ivoire Administrative Yamoussoukro
74%
Cameroun Administrative Yaoundé
74%
Vietnam Économique Hô Chi Minh-Ville
72%
Nigeria Économique Lagos
71%
Nouvelle Zélande Économique Auckland
60%
Nigeria Administrative Abuja
57%
Sri Lanka Économique Colombo
50%
Tanzanie Économique Dar-es-Salam
48%
Tanzanie Administrative Dodoma
47%
Bénin Administrative Porto-Novo
45%
Sri Lanka Administrative Sri Jayawardenapura Kotte
45%
Bénin Économique Cotonou
43%
Cameroun Économique Douala
31%
Aucun quiz correspondant
Distribution des résultats
% des personnes avec chaque résultat
Percentile par nombre de réponses
Votre historique - résultats
Vous n’avez pas pris ce quiz